000 00319 a2200157 4500
001 155158
040 _cEscola São Tomás de Aquino
100 _aLIMA, Mirna
240 1 0 _aPorta Aberta
_lpor
245 1 0 _aPorta Aberta
300 _a202
362 0 _a2014
440 1 _aFTD
697 _aHISTÓRIA
942 _cBK
999 _c155158
_d155158